| 000 | 00718nam a2200229Ia 4500 | ||
|---|---|---|---|
| 008 | 100315s9999 xx 000 0 und d | ||
| 040 | _cENGLISH | ||
| 082 |
_b10643 _a658.8 |
||
| 100 | _a"Francis, Geoffery K " | ||
| 245 | _aModern Marketing Management : An Introduction | ||
| 260 |
_aNew Delhi _bS.CHAND _c1978 |
||
| 300 | _a151 | ||
| 365 |
_eRupees _d1 _b35.00 |
||
| 366 | _f0 | ||
| 505 | _gVaibhav Gaikwad | ||
| 530 | _bDonated By RBI Library | ||
| 620 | _a"Modern Marketing Management, Marketing, RBI Book " | ||
| 630 | _aModern Marketing Management : An Introduction | ||
| 650 | _aMarketing | ||
| 730 | _aModern Marketing Management : An Introduction | ||
| 942 | _cBOOK | ||
| 999 |
_c485377 _d485374 |
||